000 00400nam a2200169Ia 4500
003 GCL
008 140319s9999 xx 000 0 eng d
040 _aGCL /
_cGCL
082 0 4 _a892.7
_bM D
100 1 _aMASSIJ, MONAL
245 1 0 _aDIWAN D'AL - HALLAY /
_cMASSIJ, MONAL
300 _a158 P
650 0 4 _aLITERATURE
650 0 4 _aARABIC LITERATURE
650 0 4 _aARABIC POETRY
942 _2ddc
_cBK
999 _c11080
_d11080